000 01375cam a2200313 i 4500
003 URS
005 20230323133329.0
008 180723s2020 maua b 001 0 eng
020 _a9789813137073
040 _aDLC
_beng
_cDLC
_erda
_dDLC
042 _apcc
050 0 0 _aTS155
_b.H3725 2020
100 1 _aHeizer, Jay,
_eauthor.
240 1 0 _aProduction and operations management
245 1 0 _aOperations management :
_bsustainability and supply chain management /
_cJay Heizer, Jesse H. Jones Professor of Business Administration, Texas Lutheran University, Barry Render, Charles Harwood Professor of Operations Management, Graduate School of Business, Rollins College, Chuck Munson, Professor of Operations Management, Carson College of Business, Washington State University.
250 _aThirteenth edition.
250 _aGlobal edition
264 1 _aSingapore :
_bPearson,
_c[2020]
300 _a[1 volume in various pagings] :
_billustrations ;
_c29 cm
336 _atext
_btxt
_2rdacontent
337 _aunmediated
_bn
_2rdamedia
338 _avolume
_bnc
_2rdacarrier
500 _aOriginal edition published under the title: Production and operations management.
504 _aIncludes bibliographical references and indexes.
650 0 _aProduction management.
700 1 _aRender, Barry,
_eauthor.
700 1 _aMunson, Chuck,
_eauthor.
942 _2lcc
_cFR
999 _c69079
_d69079